| 000 | 00852nam a22002534a 4500 | ||
|---|---|---|---|
| 001 | 000081187 | ||
| 005 | 20250109105213.0 | ||
| 008 | por | ||
| 020 | _a311978857052519 | ||
| 082 | _a368.100981 | ||
| 094 | _abndigital00172 | ||
| 095 | _aLivro | ||
| 245 |
_aGestão do risco e seguro na agricultura brasileira _hLivro |
||
| 260 |
_aRio de Janeiro, RJ _bFUNENSEG _c2011 |
||
| 300 | _a311 p. | ||
| 500 | _aOrganização de Antônio Márcio Buainain, Pedro Abel Vieira e Wady José Mourão Cury; colaboração de Carolina Nesper Pereira. | ||
| 540 | _aBiblioteca Nacional (Brasil) | ||
| 650 | _aSeguro agrícola | ||
| 650 | _aInsurance, Agricultural | ||
| 856 |
_uhttp://memoria.bn.br/DOCREADER/DOCREADER.ASPX?bib=Bib&PagFis=23950 _yHTM |
||
| 856 | _qtiff | ||
| 990 | _aLivro | ||
| 999 |
_c9 _d9 |
||